[Event "Alekhine Memorial GM"]
[Site "Alekhine Memorial GM"]
[Date "1991.??.??"]
[Round "?"]
[White "Jezek, Jaroslav"]
[Black "Sliwa, Bogdan S"]
[Result "1/2-1/2"]
[WhiteElo "2485"]
[BlackElo "2480"]
[PlyCount "122"]
[EventDate "1991.??.??"]
[Source "www.chesslib.no"]
[SourceDate "2004.05.04"]

1. c4 f5 2. g3 Nf6 3. Bg2 e5 4. d4 Bb4+ 5. Bd2 Bxd2+ 6. Qxd2 d6 7. dxe5 dxe5 8. Qxd8+ Kxd8 9. Nc3 c6 10. Nf3 Re8 11. h4 Nbd7 12. h5 Ng4 13. Nh2 Nxh2 14. Rxh2 Nf6 15. e4 Kc7 16. Rh4 Re7 17. Rd1 f4 18. Rd3 Bg4 19. Bf3 Be6 20. gxf4 Bxc4 21. Re3 exf4 22. Rxf4 Nd7 23. Be2 Ne5 24. b3 Bxe2 25. Kxe2 b5 26. Rf5 g6 27. hxg6 hxg6 28. Rg5 Rf8 29. Kf1 Rf6 30. Kg2 Kd6 31. Ne2 Nf7 32. Rgg3 g5 33. Nd4 Kc5 34. Nf5 Re5 35. Re2 Kb6 36. Ne3 Rfe6 37. f3 Rc5 38. Rd2 a5 39. Nf5 Rc3 40. Kf2 Re8 41. Ne3 Rh8 42. Ng4 b4 43. Rg2 a4 44. bxa4 Ra3 45. e5 Re8 46. Re2 Re6 47. Rh2 Rxa4 48. Kg3 c5 49. Re4 Ra3 50. Rd2 Kc6 51. Rc2 Rc3 52. Rxc3 bxc3 53. Kf2 c2 54. Rc4 Nxe5 55. Nxe5+ Rxe5 56. Rxc2 Kd5 57. Re2 Rf5 58. Ke3 Kc4 59. Ke4 Rf4+ 60. Ke3 Kc3 61. Rg2 Rf5 1/2-1/2

[Event "It (Open) Krakow POL"]
[Site "?"]
[Date "2006.01.02"]
[Round "7"]
[White "Jakubiec Artur"]
[Black "Jedynak Radoslaw"]
[Result "1/2-1/2"]
[WhiteElo "2529"]
[BlackElo "2431"]
[PlyCount "27"]
[EventDate "2006.??.??"]
[Source "www.chesslib.no"]
[SourceDate "2004.05.04"]

1. c4 f5 2. Nc3 Nf6 3. g3 g6 4. Bg2 Bg7 5. d3 O-O 6. Rb1 a5 7. Nf3 d6 8. O-O e5 9. Bg5 h6 10. Bxf6 Qxf6 11. Nd2 Nc6 12. a3 Qf7 13. Nd5 Be6 14. b4 1/2-1/2

[Event "10. Hohenloher Open 2003"]
[Site "Forchtenberg"]
[Date "2003.06.21"]
[Round "5"]
[White "Bischoff, Klaus"]
[Black "Haub, Thorsten Michael"]
[Result "1-0"]
[WhiteElo "2564"]
[BlackElo "2391"]
[PlyCount "73"]
[EventDate "2003.06.19"]
[Source "Roberto Alvarez"]
[SourceDate "2003.07.14"]

1. c4 f5 2. b3 d6 3. Bb2 Nc6 4. d4 e5 5. dxe5 Nxe5 6. e3 Nf6 7. Be2 Be7 8. Nh3 Be6 9. Nc3 c6 10. Qc2 O-O 11. O-O Ng6 12. Rad1 Qc7 13. g3 Rae8 14. Bf3 Ng4 15. Bg2 N6e5 16. Nf4 Bf7 17. h3 Nh6 18. Rd2 Rc8 19. Nfe2 a6 20. Nd4 Kh8 21. Nce2 c5 22. Nf3 Bf6 23. Rfd1 Bh5 24. Nxe5 Bxe2 25. Rxe2 dxe5 26. Red2 Rf7 27. Rd6 Re7 28. h4 Rf8 29. R1d2 Nf7 30. R6d5 g6 31. Qd1 b6 32. e4 Kg7 33. exf5 gxf5 34. Qh5 Qc8 35. Rd1 f4 36. gxf4 exf4 37. Rg5+ 1-0

[Event "Elekes Memorial"]
[Site "Budapest HUN"]
[Date "1993.??.??"]
[Round "3"]
[White "Contin, Daniel"]
[Black "Dao, Thien Hai"]
[Result "1/2-1/2"]
[WhiteElo "2395"]
[BlackElo "2560"]
[PlyCount "120"]
[EventDate "1993.??.??"]
[Source "www.chesslib.no"]
[SourceDate "2004.05.04"]

1. c4 f5 2. g3 Nf6 3. Bg2 g6 4. Nc3 Bg7 5. d3 O-O 6. Rb1 c6 7. e4 d6 8. Nge2 e5 9. O-O Be6 10. b3 Na6 11. d4 Nxe4 12. Nxe4 fxe4 13. dxe5 Bxe5 14. Nd4 Bf5 15. Bh6 Rf7 16. Nxf5 gxf5 17. f3 exf3 18. Bxf3 Qf6 19. Be3 Kh8 20. b4 Nc7 21. b5 cxb5 22. Bxb7 Rg8 23. cxb5 Qg7 24. Qf3 f4 25. Bxa7 Ne6 26. Bd5 Ng5 27. Qg4 Bd4+ 28. Kh1 Rxa7 29. gxf4 Nf7 30. Qxg7+ Kxg7 31. b6 Ra5 32. Rg1+ Bxg1 33. Rxg1+ Kf8 34. Rxg8+ Kxg8 35. b7 Rb5 36. a4 Rb1+ 37. Kg2 Kg7 38. a5 Nd8 39. a6 Nxb7 40. Kf3 Kf6 41. Bxb7 Ra1 42. Ke4 Ra5 43. Bc8 h6 44. Kd4 Ke7 45. Ke4 Kd8 46. Bb7 Kc7 47. Kf3 Ra2 48. h3 Ra5 49. Kg4 d5 50. Kf5 Kd6 51. Kg6 d4 52. f5 d3 53. f6 d2 54. Bf3 Ra3 55. a7 Rxa7 56. f7 Ke7 57. Kg7 Ke6 58. Bg4+ Ke5 59. h4 Kf4 60. Bd1 h5 1/2-1/2

[Event "Bad Zwesten GER"]
[Site "?"]
[Date "1998.01.04"]
[Round "6"]
[White "Kohlweyer Bernd"]
[Black "Mainka Romuald"]
[Result "0-1"]
[WhiteElo "2430"]
[BlackElo "2520"]
[PlyCount "46"]
[EventDate "1998.??.??"]
[Source "www.chesslib.no"]
[SourceDate "2004.05.04"]

1. c4 f5 2. Nc3 Nf6 3. g3 d6 4. Bg2 g6 5. d3 Bg7 6. e4 Nc6 7. Nge2 O-O 8. O-O Rb8 9. b3 a6 10. Bb2 e5 11. Nd5 Nxd5 12. cxd5 Ne7 13. exf5 gxf5 14. f4 c6 15. dxc6 bxc6 16. Qd2 Be6 17. Qe3 Bd5 18. fxe5 Bxg2 19. Kxg2 Nd5 20. Qf2 dxe5 21. Rae1 Qa5 22. Nc1 f4 23. b4 Qxb4 0-1

[Event "ARG Team Ch"]
[Site "Buenos Aires ARG"]
[Date "1995.??.??"]
[Round "1"]
[White "Spangenberg, Hugo H"]
[Black "Ginzburg, Maximiliano"]
[Result "1-0"]
[WhiteElo "2500"]
[BlackElo "2450"]
[PlyCount "101"]
[EventDate "1995.??.??"]
[Source "www.chesslib.no"]
[SourceDate "2004.05.04"]

1. c4 f5 2. g3 Nf6 3. Bg2 e6 4. d3 d5 5. Nf3 dxc4 6. Qa4+ Bd7 7. Qxc4 Nc6 8. O-O Bd6 9. d4 O-O 10. Nc3 a6 11. a3 Kh8 12. Bf4 Bxf4 13. gxf4 Nh5 14. e3 Rf6 15. Rad1 Be8 16. Ne5 Rh6 17. d5 Nxe5 18. fxe5 Qg5 19. f4 Qh4 20. Qxc7 exd5 21. Nxd5 Nxf4 22. Nxf4 Qxh2+ 23. Kf2 Rc6 24. Qa5 Qh4+ 25. Kg1 Rh6 26. Nh3 Rg6 27. Qb4 Bc6 28. Nf4 Rg4 29. Qe1 Qe7 30. Rf2 Qxe5 31. Qc3 Qe7 32. Rd4 Rg3 33. Re2 Re8 34. Kf2 Rg4 35. Bxc6 Rc8 36. Qd2 bxc6 37. Kf1 Rg8 38. Rh2 h6 39. Rd6 Kh7 40. Qd3 Qg5 41. Rg2 Rb8 42. b3 Rxg2 43. Nxg2 Qg4 44. Kf2 Rb5 45. Rd4 Qg6 46. a4 Re5 47. Qxa6 Qe6 48. Qc4 Qf6 49. Qc2 h5 50. Rc4 Re6 51. a5 1-0

[Event "ISL-FRA"]
[Site "Reykjavik"]
[Date "1993.??.??"]
[Round "7"]
[White "Stefansson, Hannes"]
[Black "Koch, Jean Rene"]
[Result "0-1"]
[WhiteElo "2495"]
[BlackElo "2450"]
[PlyCount "32"]
[EventDate "1993.??.??"]
[Source "ChessBase"]

1. c4 f5 2. b3 e5 3. Bb2 Nc6 4. e3 Nf6 5. a3 g6 6. b4 d6 7. d4 exd4 8. exd4 Bg7 9. d5 Ne5 10. Be2 O-O 11. Nh3 f4 12. Nd2 Bxh3 13. gxh3 f3 14. Nxf3 Ne4 15. Rb1 Nxf3+ 16. Bxf3 Bc3+ 0-1